The noble scholar, jurist, historian


 His Excellency Dr. Abdul Wahhab bin Ibrahim Abu Sulaiman, may Allah have mercy on him.


 He was born in Umm Al-Qura in the year 1356 AH.

أحكام الحج من الروض المربع وحاشية ابن قاسم، وزيادات عليهما / (Record no. 13301)

MARC details
000 -LEADER
fixed length control field 01782cam a22003011i 4500
003 - CONTROL NUMBER IDENTIFIER
control field SA-RiAUC
005 - DATE AND TIME OF LATEST TRANSACTION
control field 20251117122810.0
008 - FIXED-LENGTH DATA ELEMENTS--GENERAL INFORMATION
fixed length control field 251115s2012 su g 000 0 ara c
020 ## - INTERNATIONAL STANDARD BOOK NUMBER
International Standard Book Number 9786030056620
040 ## - CATALOGING SOURCE
Original cataloging agency SA-RiDKA
Language of cataloging ara
Transcribing agency SA-RiAUC
Description conventions rda
082 04 - DEWEY DECIMAL CLASSIFICATION NUMBER
Classification number 252.5
Assigning agency SA-RiAUC
090 ## - LOCALLY ASSIGNED LC-TYPE CALL NUMBER (OCLC); LOCAL CALL NUMBER (RLIN)
Classification number (OCLC) (R) ; Classification number, CALL (RLIN) (NR) 252.5
Local cutter number (OCLC) ; Book number/undivided call number, CALL (RLIN) ف ا ي
100 1# - MAIN ENTRY--PERSONAL NAME
Personal name الفايز، محمد بن عبد العزيز
Relator term مؤلف.
245 10 - TITLE STATEMENT
Title أحكام الحج من الروض المربع وحاشية ابن قاسم، وزيادات عليهما /
Statement of responsibility, etc. د. محمد بن عبد العزيز الفايز.
250 ## - EDITION STATEMENT
Edition statement الطبعة الأولى.
264 #1 - PRODUCTION, PUBLICATION, DISTRIBUTION, MANUFACTURE, AND COPYRIGHT NOTICE
Place of production, publication, distribution, manufacture الرياض :
Name of producer, publisher, distributor, manufacturer مدار الوطن للنشر،
Date of production, publication, distribution, manufacture, or copyright notice 2012
300 ## - PHYSICAL DESCRIPTION
Extent 56 صفحة ؛
Dimensions 14 سم
336 ## - CONTENT TYPE
Content type term نص
Content type code txt
Source rdacontent
Materials specified كتاب
337 ## - MEDIA TYPE
Media type term بدون وسيط
Media type code n
Source rdamedia
338 ## - CARRIER TYPE
Carrier type term مجلد
Carrier type code nc
Source rdacarrier
650 #7 - SUBJECT ADDED ENTRY--TOPICAL TERM
Topical term or geographic name entry element الحج (فقه إسلامي)
General subdivision مناسك
-- طريقة الحنابلة
Source of heading or term aucsh
700 12 - ADDED ENTRY--PERSONAL NAME
Relationship information جمع من (عمل) :
Personal name البهوتي، منصور بن يونس بن صلاح الدين،
Dates associated with a name 1000-1051 هجري.
Title of a work الروض المربع بشرح زاد المستقنع
700 12 - ADDED ENTRY--PERSONAL NAME
Relationship information جمع من (عمل) :
Personal name ابن قاسم، عبد الرحمن بن محمد بن قاسم،
Dates associated with a name 1319-1392 هجري.
Title of a work حاشية الروض المربع شرح زاد المستنقع
700 12 - ADDED ENTRY--PERSONAL NAME
Relationship information مختصر لـ (عمل) :
Personal name ابن قدامة، عبد الله بن أحمد،
Dates associated with a name 541-620 هجري.
Title of a work المقنع في فقه إمام السنة أحمد بن حنبل الشيباني
700 12 - ADDED ENTRY--PERSONAL NAME
Relationship information شرح لـ (عمل) :
Personal name الحجاوي، موسى بن أحمد بن موسى،
Dates associated with a name توفي 968 هجري.
Title of a work زاد المستقنع في اختصار المقنع
942 ## - ADDED ENTRY ELEMENTS (KOHA)
Source of classification or shelving scheme Dewey Decimal Classification
Koha item type Books
Suppress in OPAC No
949 ## - LOCAL PROCESSING INFORMATION (OCLC)
a SA-JeALM
d 251115
u mohamedma123
n 1
Holdings
Withdrawn status Lost status Source of classification or shelving scheme Damaged status Not for loan Home library Current library Date acquired Total checkouts Full call number Barcode Date last seen Price effective from Koha item type
    Dewey Decimal Classification     DR AbdElwahab Library DR AbdElwahab Library 11/17/2025   252.5 ف ا ي 000021208 11/17/2025 11/17/2025 Books